[Event "European Youth Chess Championship G14"]
[Site "Prague, Top Hotel Prague"]
[Date "2016.08.25"]
[Round "7.7"]
[White "Solozhenkina, Elizaveta"]
[Black "Ferkova, Dominika"]
[Result "1-0"]
[WhiteElo "2275"]
[BlackElo "1885"]
[PlyCount "67"]
[EventDate "2016.08.18"]

1. e4 c6 2. d4 d5 3. Nc3 dxe4 4. Nxe4 Bf5 5. Ng3 Bg6 6. h4 h6 7. Nf3 e6 8. Ne5
Bh7 9. Bd3 Bxd3 10. Qxd3 Nd7 11. f4 c5 12. Be3 cxd4 13. Bxd4 Nxe5 14. fxe5 Qd5
15. Ne4 a6 16. O-O h5 17. c4 Qd7 18. Rad1 Nh6 19. Ng3 O-O-O 20. Qe2 Qc7 21. Ne4
Nf5 22. Bc3 Rxd1 23. Rxd1 Nxh4 24. Qf2 Be7 25. Nd6+ Kb8 26. Bd4 Rf8 27. b4 Nf5
28. Bb6 Qc6 29. b5 axb5 30. cxb5 Qc3 31. Qf4 Bxd6 32. exd6 Ng3 33. d7+ e5 34.
d8=Q+ 1-0

[Event "European Youth Chess Championship G14"]
[Site "Prague, Top Hotel Prague"]
[Date "2016.08.25"]
[Round "7.8"]
[White "Strukova, Ksenia"]
[Black "Nestorovic, Katarina"]
[Result "0-1"]
[WhiteElo "1894"]
[BlackElo "2059"]
[PlyCount "80"]
[EventDate "2016.08.18"]

1. e4 c5 2. Nf3 e6 3. d4 cxd4 4. Nxd4 Nf6 5. Nc3 d6 6. g4 a6 7. g5 Nfd7 8. h4
b5 9. a3 Bb7 10. Rh3 Nc6 11. Be3 Rc8 12. f4 Nxd4 13. Bxd4 e5 14. Bf2 exf4 15.
Qg4 Be7 16. Bd4 O-O 17. Bd3 Nc5 18. Qxf4 Ne6 19. Qe3 Nxd4 20. Qxd4 Qc7 21. Ne2
Qc5 22. c3 Rfe8 23. a4 Bf8 24. axb5 axb5 25. Re3 Bc6 26. Ra6 Bd7 27. Ra7 Red8
28. Rf3 Ra8 29. Rxa8 Rxa8 30. Qxc5 dxc5 31. Kd2 Ra1 32. Nc1 Bd6 33. Bf1 c4 34.
Kc2 Bc6 35. Re3 Bf4 36. Re1 Bxe4+ 37. Bd3 cxd3+ 38. Kb3 g6 39. Rxe4 d2 40. Re8+
Kg7 0-1

[Event "European Youth Chess Championship G14"]
[Site "Prague, Top Hotel Prague"]
[Date "2016.08.25"]
[Round "7.9"]
[White "Swiech, Joanna"]
[Black "Sibajeva, Marija"]
[Result "1-0"]
[WhiteElo "1888"]
[BlackElo "2021"]
[PlyCount "89"]
[EventDate "2016.08.18"]

1. c4 c5 2. g3 Nc6 3. Bg2 g6 4. Nc3 Bg7 5. Nf3 e6 6. O-O Nge7 7. d3 d5 8. cxd5
exd5 9. Bf4 O-O 10. Qd2 Be6 11. Bh6 Nf5 12. Bxg7 Nxg7 13. d4 c4 14. Rfd1 Re8
15. Qg5 f6 16. Qd2 Bf7 17. Ne1 Qd7 18. Qf4 f5 19. Nc2 Nh5 20. Qg5 Kg7 21. Ne3
h6 22. Qh4 Ne7 23. Bh1 f4 24. gxf4 Nf5 25. Qg4 Be6 26. Bxd5 Nxe3 27. Bxe6 Qxe6
28. Qxe6 Rxe6 29. fxe3 Rxe3 30. d5 Nxf4 31. Rd2 Rd8 32. Kf2 Re5 33. e4 Nd3+ 34.
Ke3 Re7 35. Kd4 Ne5 36. Rf1 a6 37. Na4 Nc6+ 38. Kc3 Ne5 39. Nc5 Rd6 40. Ne6+
Kh7 41. Rdf2 b5 42. Rf8 Rb7 43. Kd4 Nd3 44. b3 Nb4 45. Kc5 1-0

[Event "European Youth Chess Championship G14"]
[Site "Prague, Top Hotel Prague"]
[Date "2016.08.25"]
[Round "7.10"]
[White "Muetsch, Annmarie"]
[Black "Koubova, Anna Marie"]
[Result "1-0"]
[WhiteElo "1966"]
[BlackElo "1868"]
[PlyCount "69"]
[EventDate "2016.08.18"]

1. e4 c5 2. Nf3 d6 3. d4 cxd4 4. Nxd4 Nf6 5. Nc3 g6 6. Be3 Bg7 7. f3 O-O 8. Qd2
Nc6 9. O-O-O d5 10. Qe1 e5 11. Nxc6 bxc6 12. exd5 Nxd5 13. Bc4 Be6 14. Ne4 Qc7
15. Bc5 Rfd8 16. g4 Nf4 17. Qc3 Bd5 18. g5 Ne6 19. Bb3 a5 20. Qe3 Rd7 21. Bd6
Qb7 22. Ba3 a4 23. Bxd5 cxd5 24. Nf6+ Bxf6 25. gxf6 Qc7 26. Rhe1 Rc8 27. Rd2 e4
28. Kb1 exf3 29. Qxf3 Qf4 30. Qxf4 Nxf4 31. Rd4 Nh5 32. Be7 Rc4 33. Red1 Rxd4
34. Rxd4 h6 35. c4 1-0

[Event "European Youth Chess Championship G14"]
[Site "Prague, Top Hotel Prague"]
[Date "2016.08.25"]
[Round "7.11"]
[White "Pribylova, Sofie"]
[Black "Beydullayeva, Govhar"]
[Result "0-1"]
[WhiteElo "1864"]
[BlackElo "1945"]
[PlyCount "92"]
[EventDate "2016.08.18"]

1. d4 d5 2. c4 c6 3. cxd5 cxd5 4. Bf4 a6 5. Nc3 Nf6 6. e3 Nc6 7. Bd3 e6 8. a3
Bd6 9. Bxd6 Qxd6 10. f4 O-O 11. Nf3 Re8 12. O-O Bd7 13. Ne5 Ne7 14. g4 g6 15.
Rf3 h5 16. gxh5 Nxh5 17. Rh3 Nf6 18. Qe1 Kg7 19. Kh1 Rh8 20. Rxh8 Rxh8 21. Qg3
Nf5 22. Bxf5 exf5 23. Rg1 Rh6 24. Qg5 Be6 25. Na4 Ne4 26. Qg2 b5 27. Nc3 Nxc3
28. bxc3 Qxa3 29. Qc2 b4 30. Rb1 Rh3 31. cxb4 Qxe3 32. Qg2 Rh6 33. Ra1 Qxd4 34.
Rxa6 Qxf4 35. Nf3 Qxb4 36. Ra1 Qe4 37. Re1 Qg4 38. Qb2+ d4 39. Qxd4+ Qxd4 40.
Nxd4 Bd5+ 41. Kg1 Rh4 42. Ne2 Rg4+ 43. Kf1 Bc4 44. Kf2 Rh4 45. Kg3 Re4 46. Kf3
Bxe2+ 0-1

[Event "European Youth Chess Championship G14"]
[Site "Prague, Top Hotel Prague"]
[Date "2016.08.25"]
[Round "7.12"]
[White "Koroleva, Evgeniya"]
[Black "Zhbanova, Angelina"]
[Result "1-0"]
[WhiteElo "1940"]
[BlackElo "1465"]
[PlyCount "109"]
[EventDate "2016.08.18"]

1. d4 Nf6 2. c4 g6 3. Nc3 Bg7 4. e4 d6 5. Be2 O-O 6. Bg5 c5 7. d5 e6 8. Qd2
exd5 9. exd5 Re8 10. Nf3 Bg4 11. O-O Nbd7 12. h3 Bxf3 13. Bxf3 a6 14. a4 Qc7
15. Qf4 Re5 16. Qg3 Ree8 17. Qh4 Re5 18. Bd1 Rae8 19. f4 Re3 20. Bc2 Nh5 21. f5
Bd4 22. Bxe3 Rxe3 23. Rad1 Rxh3+ 24. Rxd4 Rxh4 25. Rxh4 Ne5 26. f6 Qd7 27. Ne4
Ng4 28. Rh3 b5 29. axb5 axb5 30. Ra3 Qd8 31. Rfa1 Nhxf6 32. Ra8 Qxa8 33. Rxa8+
Kg7 34. Nxf6 Nxf6 35. b3 bxc4 36. bxc4 Nd7 37. Ra6 Ne5 38. Bb3 f6 39. Rxd6 g5
40. Ra6 Kg6 41. Bc2+ Kf7 42. Bxh7 Ng6 43. Bxg6+ Kxg6 44. d6 Kf7 45. Ra7+ Ke8
46. Kf2 f5 47. Rg7 g4 48. g3 Kd8 49. Ke3 Ke8 50. Kf4 Kd8 51. Ke5 Ke8 52. Ke6
Kf8 53. Rf7+ Ke8 54. Rxf5 Kd8 55. Rf8# 1-0

[Event "European Youth Chess Championship G14"]
[Site "Prague, Top Hotel Prague"]
[Date "2016.08.25"]
[Round "7.13"]
[White "Verbin, Valentina"]
[Black "Hereklioglu, Sude"]
[Result "1-0"]
[WhiteElo "1928"]
[BlackElo "1801"]
[PlyCount "133"]
[EventDate "2016.08.18"]

1. e4 c5 2. Nf3 a6 3. Nc3 Nc6 4. d4 cxd4 5. Nxd4 e5 6. Nf5 d6 7. Ne3 Nf6 8. a4
Be6 9. Bc4 Bxc4 10. Nxc4 Nxe4 11. Nxe4 d5 12. Bg5 f6 13. Qh5+ Ke7 14. O-O-O
fxg5 15. Qxg5+ Ke8 16. Qg3 Rc8 17. Rhe1 b5 18. Nxe5 Nb4 19. Nf6+ Qxf6 20. Ng4+
Qe7 21. c3 bxa4 22. Kb1 Nc6 23. Rxe7+ Bxe7 24. Rxd5 Rb8 25. Ne5 Nxe5 26. Qxe5
Rb7 27. Qe6 Rc7 28. Ra5 Rf8 29. Rxa6 Rd7 30. Ra8+ Rd8 31. Qc6+ Kf7 32. Qc4+ Kg6
33. Qe6+ Bf6 34. Qg4+ Kf7 35. Qc4+ Kg6 36. Ra7 Kh6 37. Ra5 g6 38. Qf4+ Kg7 39.
Ra7+ Rf7 40. Qxa4 Rxa7 41. Qxa7+ Kg8 42. Qb6 Rf8 43. Qe6+ Kh8 44. c4 Bg7 45. f3
Rb8 46. Qe2 h6 47. Qc2 Kh7 48. h4 h5 49. g4 Kh6 50. c5 Be5 51. c6 Bf4 52. Qd1
Be5 53. Qd2+ Kh7 54. c7 Bxc7 55. Qd7+ Kh8 56. Qxc7 Rf8 57. Qe5+ Kg8 58. Qg5 Kg7
59. gxh5 Rxf3 60. Qxg6+ Kh8 61. h6 Rf1+ 62. Ka2 Ra1+ 63. Kb3 Ra3+ 64. Kc2 Rc3+
65. Kd2 Rc7 66. Qg7+ Rxg7 67. hxg7+ 1-0

[Event "European Youth Chess Championship G14"]
[Site "Prague, Top Hotel Prague"]
[Date "2016.08.25"]
[Round "7.14"]
[White "Olde, Grete"]
[Black "Rudzinska, Michalina"]
[Result "1-0"]
[WhiteElo "1727"]
[BlackElo "1896"]
[PlyCount "97"]
[EventDate "2016.08.18"]

1. e4 c5 2. c3 d5 3. exd5 Qxd5 4. d4 Nf6 5. Nf3 Bg4 6. dxc5 Qxd1+ 7. Kxd1 e5 8.
b4 e4 9. h3 Bh5 10. g4 Nxg4 11. hxg4 Bxg4 12. Nbd2 Nc6 13. Be2 exf3 14. Bxf3
Bxf3+ 15. Nxf3 O-O-O+ 16. Kc2 Be7 17. b5 Nb8 18. Be3 Bf6 19. Nd4 Rd5 20. Nb3 h6
21. Bd4 Rf5 22. Rhf1 Re8 23. Nd2 Nd7 24. Nc4 Be7 25. Rae1 Kd8 26. c6 Nf6 27.
Ne5 Nd5 28. Bxa7 b6 29. c4 Bc5 30. Nd3 Rxe1 31. Rxe1 Bxf2 32. Re2 Ne3+ 33. Kc3
Kc7 34. Nxf2 Re5 35. Rd2 Re7 36. Rd7+ Rxd7 37. cxd7 Kxd7 38. Bxb6 Nf5 39. c5 g5
40. Ng4 Ke6 41. Bc7 Ne7 42. Bd8 Nd5+ 43. Kd4 h5 44. Ne3 Ne7 45. Bxe7 Kxe7 46.
Nd5+ Kd8 47. c6 h4 48. b6 Kc8 49. Ne7+ 1-0

[Event "European Youth Chess Championship G14"]
[Site "Prague, Top Hotel Prague"]
[Date "2016.08.25"]
[Round "7.15"]
[White "Aciu, Malina-Andreea"]
[Black "Bogdanic, Katarina"]
[Result "1-0"]
[WhiteElo "1935"]
[BlackElo "1883"]
[PlyCount "75"]
[EventDate "2016.08.18"]

1. e4 c5 2. Nf3 e6 3. d4 cxd4 4. Nxd4 a6 5. Bd3 Nf6 6. O-O d6 7. c4 b6 8. Nc3
Bb7 9. b3 Nbd7 10. Qe2 Be7 11. Bb2 O-O 12. Rad1 Qc7 13. Bb1 Rfd8 14. f4 Rac8
15. Kh1 Qc5 16. Nf3 Qh5 17. Rde1 Nc5 18. Qf2 Ncd7 19. Ne2 Qc5 20. Ned4 Qc7 21.
e5 Ne8 22. Qg3 Nf8 23. Ng5 Bxg5 24. Qxg5 dxe5 25. fxe5 h6 26. Qh5 Rd7 27. Rf4
Kh8 28. Ref1 Kg8 29. Rg4 Kh8 30. Bc1 f5 31. exf6 Nxf6 32. Rxf6 gxf6 33. Qxh6+
Nh7 34. Bxh7 Rxh7 35. Qxf6+ Rg7 36. Nxe6 Qf7 37. Qxg7+ Qxg7 38. Rxg7 1-0

[Event "European Youth Chess Championship G14"]
[Site "Prague, Top Hotel Prague"]
[Date "2016.08.25"]
[Round "7.16"]
[White "Schneider, Jana"]
[Black "Granovskaya, Ekaterina"]
[Result "1-0"]
[WhiteElo "2105"]
[BlackElo "1805"]
[PlyCount "63"]
[EventDate "2016.08.18"]

1. e4 e5 2. Bc4 Nc6 3. d3 Bc5 4. Nc3 Nf6 5. f4 d6 6. Nf3 Ng4 7. Ng5 O-O 8. h3
exf4 9. Bxf4 Nge5 10. Bb3 h6 11. Nf3 Nxf3+ 12. Qxf3 Be6 13. O-O-O Nd4 14. Qh5
Bxb3 15. axb3 a5 16. g4 Ne6 17. Bd2 Qf6 18. Nd5 Qd8 19. g5 Nxg5 20. h4 Nh7 21.
Bc3 c6 22. Qg4 f6 23. d4 Ba7 24. Ne3 Qc7 25. Nf5 Kh8 26. Rhg1 Rf7 27. Rg2 Nf8
28. Nxh6 Re7 29. Nf5 Rd7 30. Qh5+ Nh7 31. Rdg1 Rg8 32. Bd2 1-0

[Event "European Youth Chess Championship G14"]
[Site "Prague, Top Hotel Prague"]
[Date "2016.08.25"]
[Round "7.17"]
[White "Beshukova, Alina"]
[Black "Gresova, Zuzana"]
[Result "1-0"]
[WhiteElo "1920"]
[BlackElo "1810"]
[PlyCount "111"]
[EventDate "2016.08.18"]

 1. d4 d5 2. Nf3 Nf6 3. c4 c6 4. Nc3 e6 5. e3
Nbd7 6. Qc2 h6 7. b3 Bd6 8. Be2 O-O 9. O-O b6 10. a4 Bb4 11. Ba3 a5 12. Bxb4
axb4 13. Na2 c5 14. Rfd1 Bb7 15. Nd2 Ne4 16. cxd5 exd5 17. Nxe4 dxe4 18. dxc5
Qe7 19. Nxb4 Rac8 20. Qb2 Rxc5 21. Qd4 Ne5 22. Qd6 Qxd6 23. Rxd6 Rc3 24. Rxb6
Rxb3 25. Rxb7 Nc6 26. Nxc6 Rxb7 27. a5 Rc7 28. Bb5 Ra8 29. g3 g6 30. a6 Kg7 31.
a7 f5 32. Ra6 Rb7 33. Bc4 Rc7 34. Rb6 Rxc6 35. Rxc6 Rxa7 36. Kg2 Ra3 37. Rc7+
Kf6 38. Rf7+ Ke5 39. Re7+ Kf6 40. Re6+ Kg7 41. Bd5 Ra4 42. Bc6 Ra6 43. Bd7 Rxe6
44. Bxe6 Kf6 45. Bb3 Ke5 46. Bf7 Kf6 47. Be8 Kg5 48. h4+ Kf6 49. f3 exf3+ 50.
Kxf3 g5 51. hxg5+ hxg5 52. e4 fxe4+ 53. Kxe4 Kg7 54. Kf5 Kh6 55. g4 Kh7 56.
Kxg5 1-0

[Event "European Youth Chess Championship G14"]
[Site "Prague, Top Hotel Prague"]
[Date "2016.08.25"]
[Round "7.18"]
[White "Hercog, Nusa"]
[Black "Nemcova, Karin"]
[Result "1/2-1/2"]
[WhiteElo "1865"]
[BlackElo "1798"]
[PlyCount "80"]
[EventDate "2016.08.18"]

1. d4 d5 2. c4 e6 3. Nf3 Nf6 4. Nc3 Be7 5. Bf4 a6 6. e3 O-O 7. c5 Nc6 8. a3 Nh5
9. Bg3 Nxg3 10. hxg3 Bf6 11. Bd3 g6 12. Qd2 b6 13. cxb6 cxb6 14. e4 Bg7 15. e5
f5 16. Ne2 Qe7 17. Rc1 Bd7 18. Qg5 Rfe8 19. Qe3 Rf8 20. Nf4 b5 21. b4 Nd8 22.
Qd2 Nf7 23. Be2 Rfc8 24. Rc5 a5 25. O-O axb4 26. axb4 Qe8 27. Nd3 Bf8 28. Rxc8
Qxc8 29. Nc5 Bc6 30. Qb2 Nd8 31. Nd2 Ra7 32. Ra1 Qa8 33. Ndb3 Rxa1+ 34. Qxa1
Qxa1+ 35. Nxa1 Kf7 36. Nab3 Be8 37. Na6 Nc6 38. Bxb5 Nxb4 39. Bxe8+ Kxe8 40.
Nxb4 Bxb4 1/2-1/2

[Event "European Youth Chess Championship G14"]
[Site "Prague, Top Hotel Prague"]
[Date "2016.08.25"]
[Round "7.19"]
[White "Pecorini, Angie"]
[Black "Bellahcene, Meriem"]
[Result "1-0"]
[WhiteElo "1625"]
[BlackElo "1837"]
[PlyCount "97"]
[EventDate "2016.08.18"]

1. d4 d5 2. c4 e6 3. Nc3 c6 4. e3 f5 5. Nf3 Bd6 6. Bd3 Nh6 7. b3 Nd7 8. Bb2 Nf6
9. O-O O-O 10. Rc1 Ne4 11. Ne2 g5 12. Ne5 Qe8 13. f3 Nf6 14. Qe1 Kh8 15. h4 Qh5
16. hxg5 Qxg5 17. Nf4 Rg8 18. Rf2 Be7 19. cxd5 exd5 20. Rfc2 Nh5 21. Nh3 Qg7
22. Kh2 Be6 23. Nf4 Bf7 24. Qf2 Qf6 25. Nxh5 Bxh5 26. e4 fxe4 27. fxe4 Qd6 28.
Kh1 Raf8 29. Qg1 Rf4 30. Qe1 Ng4 31. Nxg4 Bxg4 32. exd5 Qh6+ 33. Kg1 Bd6 34. g3
Bh3 35. Rh2 Rxg3+ 36. Qxg3 Rf1+ 37. Bxf1 Bxg3 38. Rxh3 Qe3+ 39. Kh1 Qf2 40. Ba3
Bf4 41. Rd1 cxd5 42. Bd3 h6 43. Rf1 Qxd4 44. Rhf3 h5 45. Rxf4 Qxd3 46. Bb2+ Kg8
47. Rg1+ Kh7 48. Rg7+ Kh6 49. Rf6+ 1-0

[Event "European Youth Chess Championship G14"]
[Site "Prague, Top Hotel Prague"]
[Date "2016.08.25"]
[Round "7.20"]
[White "Laurincova, Kristyna"]
[Black "Esadze, Tamari"]
[Result "0-1"]
[WhiteElo "1815"]
[BlackElo "1763"]
[PlyCount "104"]
[EventDate "2016.08.18"]

1. e4 c5 2. Nf3 d6 3. d4 cxd4 4. Nxd4 Nf6 5. Nc3 a6 6. Bc4 e6 7. Bb3 Be7 8. O-O
O-O 9. a4 Nc6 10. f4 Qc7 11. Be3 Bd7 12. Qf3 Na5 13. Qg3 Ne8 14. f5 Nxb3 15.
cxb3 Bf6 16. Rac1 Qd8 17. Nde2 g6 18. Bh6 Bg7 19. Bxg7 Kxg7 20. fxe6 Bxe6 21.
Nd4 Nf6 22. Nf5+ Bxf5 23. Rxf5 Qb6+ 24. Kh1 Qd4 25. Rd1 Nxe4 26. Qf4 Qb4 27.
Nxe4 gxf5 28. Qg3+ Kh8 29. Nxd6 Qg4 30. Qe5+ Qg7 31. Qxf5 Rad8 32. Rd2 f6 33.
Qh5 Rd7 34. h3 Qe7 35. Qd5 Qe1+ 36. Kh2 Qe5+ 37. Qxe5 fxe5 38. Kg3 Rf6 39. Ne4
Rxd2 40. Nxd2 Rd6 41. Nc4 Rd3+ 42. Kg4 Rxb3 43. Kf5 Rb4 44. b3 Rxb3 45. Kxe5
Rb4 46. Nd6 Rxa4 47. Nxb7 Ra2 48. g4 Rh2 49. Kd5 Rxh3 50. Kc6 Rg3 51. Kb6 Rxg4
52. Kxa6 h5 0-1

[Event "European Youth Chess Championship G14"]
[Site "Prague, Top Hotel Prague"]
[Date "2016.08.25"]
[Round "7.21"]
[White "Kovacs, Judit"]
[Black "Kulpa, Zuzanna"]
[Result "1/2-1/2"]
[WhiteElo "2167"]
[BlackElo "1719"]
[PlyCount "83"]
[EventDate "2016.08.18"]

1. Nf3 Nf6 2. c4 c5 3. g3 d5 4. cxd5 Nxd5 5. Bg2 Nc6 6. Nc3 Nc7 7. b3 e5 8. Bb2
Be7 9. Rc1 f6 10. d3 O-O 11. O-O Be6 12. Qc2 Qd7 13. Rfd1 Rac8 14. Qb1 Rfd8 15.
Ne4 b6 16. e3 Bg4 17. Rd2 Qe6 18. Nc3 Nb4 19. a3 Nbd5 20. Nxd5 Nxd5 21. h4 Nc7
22. Nh2 Bh5 23. b4 cxb4 24. Bb7 Rb8 25. Rxc7 Bd6 26. Qc2 Bxc7 27. Qxc7 Qd6 28.
Qxd6 Rxd6 29. Bf3 Bg6 30. d4 e4 31. Bd1 bxa3 32. Bxa3 Rd7 33. d5 b5 34. Bb4 Bf7
35. d6 a5 36. Bxa5 b4 37. Bg4 b3 38. Rb2 Ra7 39. Bc3 Ra1+ 40. Kg2 Rc1 41. Bd4
Rc2 42. Nf1 $11 1/2-1/2

[Event "European Youth Chess Championship G14"]
[Site "Prague, Top Hotel Prague"]
[Date "2016.08.25"]
[Round "7.22"]
[White "Sankova, Stella"]
[Black "Sidamonidze, Anastasia"]
[Result "1-0"]
[WhiteElo "1898"]
[BlackElo "1690"]
[PlyCount "131"]
[EventDate "2016.08.18"]

1. Nf3 f5 2. g3 g6 3. Bg2 Bg7 4. d4 d6 5. O-O Nf6 6. c4 O-O 7. Nc3 Qe8 8. d5 a5
9. Be3 Na6 10. a3 Nc5 11. Qc2 e5 12. dxe6 Nxe6 13. Nd5 Ng4 14. Bd2 Ne5 15. Ng5
Nd4 16. Qd1 Qd8 17. Bc3 Ndc6 18. Nf3 Nxf3+ 19. Bxf3 Ne5 20. Bg2 c6 21. Ne3 f4
22. Nc2 Bg4 23. Ne1 Be6 24. b3 a4 25. Nd3 Nf3+ 26. Bxf3 Bxc3 27. Rc1 Be5 28.
bxa4 Qa5 29. gxf4 Rxf4 30. Nxf4 Bxf4 31. e3 Qg5+ 32. Bg2 Bh3 33. Qf3 Bxg2 34.
Qxg2 Qxg2+ 35. Kxg2 Be5 36. Rb1 Rxa4 37. Rxb7 Rxa3 38. Rb6 c5 39. Rc1 g5 40. h3
Kf7 41. Kf3 Ra2 42. Rg1 h6 43. Rg4 Kf6 44. Rb8 h5 45. Re4 Kf7 46. Rxe5 dxe5 47.
Rb5 Ke6 48. Rxc5 Kd6 49. Rc8 Rc2 50. Rg8 g4+ 51. hxg4 hxg4+ 52. Rxg4 Kc5 53.
Re4 Kd6 54. Kg3 Rc3 55. Rh4 Kc5 56. Rh5 Kd6 57. Rh6+ Kd7 58. Rh4 Kd6 59. Kf3
Rc2 60. Rh6+ Kd7 61. Ke4 Rxf2 62. Kxe5 Rb2 63. Kd5 Rd2+ 64. Kc5 Re2 65. Rd6+
Kc7 66. Re6 1-0

[Event "European Youth Chess Championship G14"]
[Site "Prague, Top Hotel Prague"]
[Date "2016.08.25"]
[Round "7.23"]
[White "Jarocka, Liwia"]
[Black "Bucur, Denisa-Andreea"]
[Result "1/2-1/2"]
[WhiteElo "1676"]
[BlackElo "1893"]
[PlyCount "84"]
[EventDate "2016.08.18"]

1. e4 c5 2. Nf3 e6 3. d4 cxd4 4. Nxd4 a6 5. Bd3 Nf6 6. O-O Qc7 7. Qe2 d6 8. f4
Qb6 9. Be3 Qc7 10. Kh1 Nbd7 11. c4 Nc5 12. Nc3 b6 13. Bd2 g6 14. Rae1 Bg7 15.
Bb1 O-O 16. b4 Nb7 17. Be3 Nd8 18. Rd1 b5 19. Ncxb5 axb5 20. Nxb5 Qb8 21. Rxd6
Nb7 22. Rd2 e5 23. Bb6 Bg4 24. Qf2 exf4 25. c5 Ra4 26. a3 Bd7 27. Rxd7 Nxd7 28.
c6 Ne5 29. cxb7 Qxb7 30. Nd6 Qb8 31. Bc5 Rxa3 32. Qxf4 Nd7 33. Qc1 Rc3 34. Qd2
Nxc5 35. bxc5 Rxc5 36. Ba2 Rh5 37. g4 Rh4 38. Nxf7 h5 39. Ng5+ Kh8 40. Nf7+
Rxf7 41. Rxf7 Rxg4 42. Rd7 Qf4 $11 1/2-1/2

[Event "European Youth Chess Championship G14"]
[Site "Prague, Top Hotel Prague"]
[Date "2016.08.25"]
[Round "7.24"]
[White "Waszczuk, Patrycja"]
[Black "Grimaldi, Angela Flavia"]
[Result "1-0"]
[WhiteElo "1859"]
[BlackElo "1662"]
[PlyCount "69"]
[EventDate "2016.08.18"]

1. e4 c5 2. Nf3 g6 3. d4 cxd4 4. Nxd4 Bg7 5. c4 Nc6 6. Be3 Nf6 7. Nc3 O-O 8.
Be2 d6 9. O-O Nxd4 10. Bxd4 Bd7 11. f3 Bc6 12. Qd2 Nd7 13. Be3 a5 14. b3 Nc5
15. Rab1 Rc8 16. a3 Re8 17. b4 axb4 18. axb4 Ne6 19. Nd5 Bxd5 20. exd5 Nc7 21.
Rfd1 Qd7 22. c5 Red8 23. Bc4 Nb5 24. Rbc1 dxc5 25. bxc5 Nc7 26. Qb4 Na6 27.
Bxa6 bxa6 28. c6 Qd6 29. Qc4 Qc7 30. Qxa6 Ra8 31. Qc4 Qa5 32. Rb1 Rdb8 33.
Rxb8+ Rxb8 34. c7 Rc8 35. d6 1-0

[Event "European Youth Chess Championship G14"]
[Site "Prague, Top Hotel Prague"]
[Date "2016.08.25"]
[Round "7.25"]
[White "Merkesvik, Amalie Isabel"]
[Black "Moscicka, Pola"]
[Result "0-1"]
[WhiteElo "1639"]
[BlackElo "1853"]
[PlyCount "36"]
[EventDate "2016.08.18"]

1. e4 c6 2. d4 d5 3. exd5 cxd5 4. Bd3 Nc6 5. c3 Qc7 6. Ne2 Bg4 7. f3 Bd7 8. Bf4
e5 9. Bg3 Bd6 10. Bc2 Nge7 11. O-O O-O 12. Kh1 Rac8 13. Re1 Rfd8 14. dxe5 Nxe5
15. Nd4 N5g6 16. Nb5 Bxb5 17. Bxg6 Nxg6 18. Bxd6 Qxd6 0-1

[Event "European Youth Chess Championship G14"]
[Site "Prague, Top Hotel Prague"]
[Date "2016.08.25"]
[Round "7.26"]
[White "Moenster, Madita"]
[Black "Golsta, Ramona"]
[Result "1-0"]
[WhiteElo "1808"]
[BlackElo "1561"]
[PlyCount "63"]
[EventDate "2016.08.18"]

1. e4 c5 2. Nf3 Nc6 3. d4 cxd4 4. Nxd4 e5 5. Nb5 a6 6. Nd6+ Bxd6 7. Qxd6 Qe7 8.
Qd1 Nf6 9. Bg5 h6 10. Bxf6 Qxf6 11. Nc3 O-O 12. Be2 d6 13. O-O Be6 14. Nd5 Bxd5
15. exd5 Nb8 16. c4 Nd7 17. b4 Rac8 18. Qd2 Qe7 19. Rfc1 f5 20. c5 dxc5 21. d6
Qe8 22. bxc5 Kh8 23. Qd5 Rc6 24. Rc2 Qc8 25. Rac1 b6 26. Bxa6 Qa8 27. Bb5 Rxc5
28. Qxa8 Rxa8 29. Bxd7 Rxa2 30. Rxc5 bxc5 31. Bxf5 Ra8 32. g3 1-0

[Event "European Youth Chess Championship G14"]
[Site "Prague, Top Hotel Prague"]
[Date "2016.08.25"]
[Round "7.27"]
[White "Leonova, Ameliya"]
[Black "Hajiyeva, Laman"]
[Result "0-1"]
[WhiteElo "1513"]
[BlackElo "1800"]
[PlyCount "56"]
[EventDate "2016.08.18"]

1. e4 d5 2. exd5 Nf6 3. c4 c6 4. dxc6 Nxc6 5. d3 e5 6. Be2 Bf5 7. Nf3 Bc5 8.
O-O h6 9. a3 a5 10. Nc3 O-O 11. Qc2 Rc8 12. Bd2 Nd4 13. Nxd4 Bxd4 14. Nb5 Bb6
15. Be3 Nd5 16. Qd2 Nxe3 17. fxe3 Be6 18. Qc1 Bd5 19. Nc3 Bc6 20. Kh1 f5 21. e4
f4 22. b4 axb4 23. axb4 Bd4 24. Qc2 Qh4 25. Ra2 g5 26. b5 Bd7 27. Nd5 g4 28. g3
fxg3 0-1

[Event "European Youth Chess Championship G14"]
[Site "Prague, Top Hotel Prague"]
[Date "2016.08.25"]
[Round "7.28"]
[White "Daniel, Sharon"]
[Black "Rinaudo, Giada"]
[Result "1/2-1/2"]
[WhiteElo "1411"]
[BlackElo "1754"]
[PlyCount "70"]
[EventDate "2016.08.18"]

1. d4 g6 2. c4 Bg7 3. Nf3 d6 4. g3 Nf6 5. Bg2 c6 6. O-O O-O 7. Nc3 Qa5 8. h3
Be6 9. Qd3 h6 10. b3 Qh5 11. g4 Qa5 12. Bd2 Qc7 13. Rac1 h5 14. g5 Nh7 15. d5
Bd7 16. Nd4 Na6 17. Be3 c5 18. Nf3 Qa5 19. a4 Bf5 20. Qd2 Qb4 21. Qb2 Bd7 22.
Qc2 Bf5 23. Qb2 Nc7 24. Bd2 a6 25. Qa2 Qb6 26. a5 Qa7 27. Na4 Rad8 28. Be3 Qb8
29. Nh4 Bd7 30. Nb6 Be8 31. Qc2 Kh8 32. f4 e6 33. dxe6 Nxe6 34. Kh1 Nd4 35. Qd3
Rg8 1/2-1/2

[Event "European Youth Chess Championship G14"]
[Site "Prague, Top Hotel Prague"]
[Date "2016.08.25"]
[Round "7.29"]
[White "Kvendseth, Thyra"]
[Black "Szczerbacewicz, Nastia"]
[Result "1-0"]
[WhiteElo "1735"]
[BlackElo "1565"]
[PlyCount "105"]
[EventDate "2016.08.18"]

1. e4 c5 2. Nf3 Nc6 3. d4 cxd4 4. Nxd4 Nf6 5. Nc3 e5 6. Ndb5 d6 7. Bg5 a6 8.
Na3 b5 9. Nd5 Be7 10. Bxf6 Bxf6 11. c3 O-O 12. Nc2 Bg5 13. a4 bxa4 14. Rxa4 a5
15. Bc4 Bd7 16. Ra1 Rb8 17. b3 Kh8 18. Nce3 Be6 19. Qe2 Bxe3 20. Nxe3 Qb6 21.
O-O Rbc8 22. Rab1 Qc7 23. Rfd1 Rfd8 24. Bxe6 fxe6 25. Qg4 Qf7 26. Nc4 d5 27.
exd5 exd5 28. Nd6 Rxd6 29. Qxc8+ Nd8 30. Qc5 Nb7 31. Qe3 Qf5 32. Re1 Re6 33.
Rbd1 e4 34. Qa7 Qf7 35. Rxd5 h6 36. Rxa5 Rg6 37. g3 Qxb3 38. Qb8+ Kh7 39. Ra8
Rf6 40. Qh8+ Kg6 41. Qe8+ Kg5 42. h4+ Kg4 43. Rxe4+ Kf3 44. Re3+ Kg4 45. Ra4+
Kh3 46. Qd7+ Re6 47. Qxe6+ Qxe6 48. Rxe6 Nc5 49. Raa6 Nxa6 50. Rxa6 g5 51. hxg5
hxg5 52. c4 g4 53. Rh6# 1-0

[Event "European Youth Chess Championship G14"]
[Site "Prague, Top Hotel Prague"]
[Date "2016.08.25"]
[Round "7.30"]
[White "Nass, Maria"]
[Black "Andrade, Sandoval Bianca"]
[Result "1/2-1/2"]
[WhiteElo "1588"]
[BlackElo "1899"]
[PlyCount "69"]
[EventDate "2016.08.18"]

1. e4 c5 2. Nf3 e6 3. d4 cxd4 4. Nxd4 a6 5. c4 b6 6. Nc3 Bb7 7. Be2 d6 8. O-O
Nf6 9. f3 Be7 10. Be3 Nbd7 11. Qd2 O-O 12. b3 Re8 13. Rac1 Qc7 14. Rfd1 Rad8
15. Kh1 Nc5 16. Bf1 Bf8 17. Qf2 Ncd7 18. Kg1 Qb8 19. Kh1 Nc5 20. Kg1 d5 21.
exd5 exd5 22. b4 Ncd7 23. Nc2 Qe5 24. Bd4 Qe6 25. Na4 dxc4 26. Nxb6 Nxb6 27.
Bxb6 Rxd1 28. Rxd1 Rc8 29. a3 Nd5 30. Bd4 h6 31. Ne3 Nxe3 32. Qxe3 Qc6 33. Rc1
Qb5 34. Qc3 Bd5 35. Be2 1/2-1/2

[Event "European Youth Chess Championship G14"]
[Site "Prague, Top Hotel Prague"]
[Date "2016.08.25"]
[Round "7.31"]
[White "Tomcikova, Dominika"]
[Black "Petkova, Denitsa"]
[Result "1/2-1/2"]
[WhiteElo "1741"]
[BlackElo "1602"]
[PlyCount "42"]
[EventDate "2016.08.18"]

1. e4 c5 2. Nc3 Nc6 3. Bb5 Nd4 4. Bc4 e6 5. Nge2 g6 6. Nxd4 cxd4 7. Ne2 Bg7 8.
d3 Ne7 9. f4 O-O 10. Bb3 d5 11. e5 Nc6 12. O-O f6 13. exf6 Rxf6 14. Ng3 Qd6 15.
Qe1 Bd7 16. Bd2 Raf8 17. Ne2 R6f7 18. Qg3 Ne7 19. Rf3 b6 20. Raf1 a5 21. a3 Qc7
1/2-1/2